[Event "XXV Grunwald Cup"]
[Site "Ramsowo/Dadaj"]
[Date "2010.09.25"]
[Round "3.10"]
[White "Czajkowski, Adam"]
[Black "Poswiatowski, Stanislaw"]
[Result "0-1"]
[WhiteElo "1781"]
[BlackElo "1667"]
[PlyCount "46"]
[EventDate "2010.??.??"]

1. e4 c6 2. d4 d5 3. Nc3 dxe4 4. Nxe4 Bf5 5. Ng3 Bg6 6. N1e2 h6 7. Nf4 Bh7 8.
Bc4 e6 9. O-O Nf6 10. Re1 Be7 11. Bxe6 g5 12. Nfh5 Nxh5 13. Nxh5 fxe6 14. Ng7+
Kd7 15. Nxe6 Qa5 16. Bd2 Qf5 17. Re5 Qf6 18. Nxg5 Bf5 19. Qf3 Rf8 20. Qb3 Kc7
21. Rae1 Bd6 22. Bf4 hxg5 23. Rxf5 Qxf5 0-1

Bd6 22. Bf4 (22. Rxf5 Qxf5 23.
Ne6+ Kc8 24. Nxf8 Qxf8) 22... hxg5 23. Rxf5 Qxf5 0-1

Nxf8 Qxf8) 22... hxg5 23.
Rxf5 Qxf5 0-1

[Event "XXV Grunwald Cup"]
[Site "Ramsowo/Dadaj"]
[Date "2010.09.25"]
[Round "3.11"]
[White "Hagner, Pawel"]
[Black "Dziobek, Jerzy"]
[Result "1-0"]
[WhiteElo "1877"]
[BlackElo "1848"]
[PlyCount "80"]
[EventDate "2010.??.??"]

1. d4 d5 2. Nf3 Bf5 3. Bf4 c6 4. e3 e6 5. Nbd2 Nf6 6. c3 Nbd7 7. Be2 Be7 8. Nh4
O-O 9. Nxf5 exf5 10. Bd3 g6 11. h3 Ne4 12. O-O Bg5 13. Bh2 Re8 14. Nf3 Bf6 15.
c4 dxc4 16. Bxc4 Nb6 17. Bd3 Nd5 18. a3 Bg7 19. Qc2 Ndf6 20. Ne5 Rc8 21. Rfd1
Bf8 22. Qb3 Re7 23. Bf4 Kg7 24. Rac1 Nd5 25. Bxe4 fxe4 26. Bg3 f6 27. Nc4 Rf7
28. Qc2 Qe8 29. Bd6 Qe6 30. Bxf8+ Rcxf8 31. Nd2 f5 32. Nc4 f4 33. Ne5 Rf5 34.
Qxe4 fxe3 35. fxe3 Rg5 36. Qh4 Qf5 37. Rf1 Rxg2+ 38. Kxg2 Nxe3+ 39. Kg1 Nxf1
40. Rxf1 Qxf1+ 1-0

[Event "XXV Grunwald Cup"]
[Site "Ramsowo/Dadaj"]
[Date "2010.09.25"]
[Round "4.1"]
[White "Stachanczyk, Jacek"]
[Black "Renkowski, Piotr"]
[Result "0-1"]
[WhiteElo "2278"]
[BlackElo "1957"]
[PlyCount "50"]
[EventDate "2010.??.??"]

1. e4 e6 2. d4 d5 3. Nc3 Bb4 4. e5 c5 5. a3 Bxc3+ 6. bxc3 Qc7 7. Qg4 f5 8. Qg3
Ne7 9. Qxg7 Rg8 10. Qxh7 cxd4 11. Ne2 dxc3 12. Qh5+ Ng6 13. Bg5 Qf7 14. Nxc3
Nxe5 15. Qe2 Rxg5 16. Qxe5 Nc6 17. Bb5 Bd7 18. Qc7 Qg7 19. Kd2 Qd4+ 20. Bd3 Rc8
21. Qxb7 Na5 22. Qb4 Nc4+ 23. Kd1 a5 24. Qb3 Ne5 25. Kd2 Rxc3 0-1

[Event "XXV Grunwald Cup"]
[Site "Ramsowo/Dadaj"]
[Date "2010.09.25"]
[Round "4.2"]
[White "Mackowiak, Marek"]
[Black "Dukaczewski, Piotr"]
[Result "1-0"]
[WhiteElo "2174"]
[BlackElo "2274"]
[PlyCount "89"]
[EventDate "2010.??.??"]

1. Nf3 g6 2. g3 Bg7 3. d4 d6 4. Bg2 f5 5. O-O Nf6 6. d5 c6 7. c4 e5 8. dxe6
Bxe6 9. Qd3 Ng4 10. Nbd2 Na6 11. a3 Nc5 12. Qc2 O-O 13. e3 a5 14. Nd4 Bf7 15.
Rb1 a4 16. b4 axb3 17. N4xb3 Na4 18. Nd4 Qe7 19. N2f3 Ne5 20. Nd2 Nc5 21. h3
Ned3 22. N2b3 Nxc1 23. Nxc5 dxc5 24. Nf3 Rxa3 25. Rfxc1 Rfa8 26. h4 Ra2 27. Qb3
b5 28. Ng5 R2a3 29. Qd1 Rd8 30. Qf3 Be8 31. cxb5 cxb5 32. Rd1 Rad3 33. Rxd3
Rxd3 34. Bf1 Rd8 35. Bxb5 Bxb5 36. Rxb5 h6 37. Nh3 c4 38. Qc6 c3 39. Rb7 Qf6
40. Qc4+ Kh8 41. Nf4 Rd6 42. Nd5 Qe6 43. Qc7 Qe5 44. f4 Rd7 45. fxe5 1-0

[Event "XXV Grunwald Cup"]
[Site "Ramsowo/Dadaj"]
[Date "2010.09.25"]
[Round "4.3"]
[White "Wojcieszyn, Zdzislaw"]
[Black "Gunajew, Rafal"]
[Result "1/2-1/2"]
[WhiteElo "2010"]
[BlackElo "2292"]
[PlyCount "80"]
[EventDate "2010.??.??"]

1. Nf3 d5 2. d4 e6 3. c4 c6 4. e3 Bd6 5. Nc3 f5 6. cxd5 exd5 7. Bd3 Ne7 8. O-O
O-O 9. Ne5 Nd7 10. f4 Nf6 11. Bd2 Ne4 12. Be1 Ng6 13. Qh5 Bxe5 14. fxe5 Be6 15.
Qe2 Qg5 16. g3 Qe7 17. a3 a5 18. Rc1 Rfc8 19. Na4 Qc7 20. Qc2 Nf8 21. b4 axb4
22. Bxb4 Nd7 23. Qb3 b6 24. Bxe4 fxe4 25. Nc3 c5 26. Nxd5 Qd8 27. dxc5 Nxc5 28.
Bxc5 Rxc5 29. Qxb6 Qxb6 30. Nxb6 Rxc1 31. Rxc1 Rxa3 32. Nc4 Rb3 33. Kf2 Rb5 34.
Nd2 Rxe5 35. Rc7 Kf8 36. Ke1 h5 37. h4 Bf7 38. Kf2 Re6 39. Ke2 Bg6 40. Ra7 Kg8
1/2-1/2

[Event "XXV Grunwald Cup"]
[Site "Ramsowo/Dadaj"]
[Date "2010.09.25"]
[Round "4.4"]
[White "Suder, Ryszard"]
[Black "Traczyk, Tadeusz"]
[Result "1-0"]
[WhiteElo "2213"]
[BlackElo "1925"]
[PlyCount "101"]
[EventDate "2010.??.??"]

1. Nf3 Nf6 2. d4 e6 3. c4 d5 4. Nc3 c6 5. Bg5 Be7 6. e3 O-O 7. Qc2 Nbd7 8.
O-O-O h6 9. Bh4 dxc4 10. Bxc4 b5 11. Bd3 b4 12. Ne4 Nxe4 13. Bxe7 Qxe7 14. Bxe4
Bb7 15. Kb1 Nf6 16. Bd3 a5 17. Rc1 a4 18. Qc5 Qxc5 19. Rxc5 Nd7 20. Rc2 Rfc8
21. Rhc1 f5 22. d5 cxd5 23. Rc7 Rxc7 24. Rxc7 Bc8 25. Nd4 Nf6 26. Nc6 Ba6 27.
Nxb4 Bxd3+ 28. Nxd3 Ne4 29. Kc2 Kf8 30. f3 Nd6 31. Nc5 Re8 32. Nxa4 Nc4 33. Kd3
Re7 34. Rxe7 Kxe7 35. b3 Ne5+ 36. Kd4 Kd6 37. Nc3 Nc6+ 38. Kd3 e5 39. a3 e4+
40. Kd2 d4 41. Nb5+ Kc5 42. Nxd4 Nxd4 43. exd4+ Kxd4 44. fxe4 Kxe4 45. a4 g5
46. a5 Kd5 47. a6 Kc6 48. b4 Kb6 49. b5 f4 50. Kd3 g4 51. Ke4 1-0

[Event "XXV Grunwald Cup"]
[Site "Ramsowo/Dadaj"]
[Date "2010.09.25"]
[Round "4.5"]
[White "Ciula, Edward"]
[Black "Zoltek, Tadeusz"]
[Result "0-1"]
[WhiteElo "1985"]
[BlackElo "2194"]
[PlyCount "64"]
[EventDate "2010.??.??"]

1. e4 c5 2. Nf3 Nc6 3. d4 cxd4 4. Nxd4 e5 5. Nb5 d6 6. N1c3 a6 7. Na3 b5 8. Nd5
Nce7 9. c4 Nxd5 10. cxd5 f5 11. exf5 Bxf5 12. Nc2 Nf6 13. Ne3 Bd7 14. Be2 Be7
15. O-O O-O 16. b3 Rc8 17. Bb2 Qe8 18. Qd2 Ne4 19. Qe1 Bg5 20. Bd3 Nc5 21. Rd1
Nxd3 22. Rxd3 Qg6 23. Qe2 Bh3 24. Nd1 Rc2 25. Qxc2 Bf5 26. Qc3 Bxd3 27. Re1 Be4
28. Qg3 Bxd5 29. Bxe5 dxe5 30. Rxe5 Re8 31. Ne3 Rxe5 32. Qxe5 Bf7 0-1

[Event "XXV Grunwald Cup"]
[Site "Ramsowo/Dadaj"]
[Date "2010.09.25"]
[Round "4.6"]
[White "Barnowski, Sylwester"]
[Black "Jelen, Janusz"]
[Result "0-1"]
[WhiteElo "1842"]
[BlackElo "2035"]
[PlyCount "124"]
[EventDate "2010.??.??"]

1. d4 d5 2. c4 Nc6 3. e3 e5 4. dxe5 Bb4+ 5. Bd2 d4 6. Bxb4 Nxb4 7. a3 Nc6 8.
exd4 Nxd4 9. Ne2 c5 10. Nxd4 cxd4 11. Qd2 Ne7 12. Bd3 Nc6 13. f4 O-O 14. O-O f6
15. exf6 Qxf6 16. Qc2 Qh6 17. g3 Ne7 18. Nd2 Bf5 19. Ne4 Rad8 20. Rae1 Qg6 21.
Rf2 h6 22. Rfe2 b6 23. Nf2 Bxd3 24. Qxd3 Qxd3 25. Nxd3 Nf5 26. Rd2 Ne3 27. b3
g5 28. fxg5 hxg5 29. Ne5 Nf5 30. Ng4 Kg7 31. Re4 Rfe8 32. Rxe8 Rxe8 33. Nf2 Re3
34. Nd3 g4 35. c5 bxc5 36. Nxc5 Kf6 37. Nd3 Kg5 38. b4 Rf3 39. a4 Kf6 40. b5
Ke7 41. a5 Kd6 42. b6 axb6 43. axb6 Re3 44. b7 Re8 45. Rb2 Rb8 46. Nf2 Ne3 47.
h4 gxh3 48. Nxh3 Nc4 49. Rb1 Na5 50. Nf4 Nxb7 51. Kf2 Kc5 52. Rc1+ Kb4 53. Nd3+
Kb3 54. Nc5+ Kb2 55. Rc4 Nxc5 56. Rxc5 Re8 57. Rd5 Kc3 58. g4 d3 59. Kf3 Rf8+
60. Kg3 Rf1 61. g5 d2 62. Kh4 Rf4+ 0-1

[Event "XXV Grunwald Cup"]
[Site "Ramsowo/Dadaj"]
[Date "2010.09.25"]
[Round "4.7"]
[White "Falkowski, Dawid"]
[Black "Hagner, Pawel"]
[Result "1-0"]
[WhiteElo "2050"]
[BlackElo "1877"]
[PlyCount "54"]
[EventDate "2010.??.??"]

1. e4 g6 2. f4 Bg7 3. Nc3 c6 4. d4 d5 5. e5 h5 6. Bd3 Nh6 7. Nf3 Bg4 8. Qe2 e6
9. Be3 Nd7 10. O-O-O O-O 11. h3 Bxf3 12. Qxf3 f5 13. exf6 Qxf6 14. g4 Qf7 15.
Qg3 c5 16. gxh5 gxh5 17. Bg6 Qf6 18. Rhg1 h4 19. Qg2 Kh8 20. Kb1 Rac8 21. f5
exf5 22. Nxd5 Qc6 23. Bh5 Rg8 24. Ne7 Qxg2 25. Rxg2 Nf6 26. Nxg8 Nhxg8 27. Bf7
Rc7 1-0

[Event "XXV Grunwald Cup"]
[Site "Ramsowo/Dadaj"]
[Date "2010.09.25"]
[Round "4.8"]
[White "Poswiatowski, Stanislaw"]
[Black "Staruch, Roman"]
[Result "1/2-1/2"]
[WhiteElo "1667"]
[BlackElo "1978"]
[PlyCount "71"]
[EventDate "2010.??.??"]

1. d4 Nf6 2. Nf3 e6 3. c4 d5 4. cxd5 exd5 5. Bg5 Be7 6. Nc3 O-O 7. e3 Bf5 8.
Qb3 Nbd7 9. Be2 Nb6 10. O-O h6 11. Bf4 Nh5 12. Be5 c6 13. Nd2 Nf6 14. Nf3 Bd6
15. Bxd6 Qxd6 16. Ne5 Rab8 17. Rad1 Nbd7 18. f4 Rfe8 19. Rde1 Nh7 20. Bg4 Bxg4
21. Nxg4 f6 22. Qc2 Nhf8 23. Rf3 Qe6 24. Rg3 Kh8 25. Qf2 h5 26. f5 Qf7 27. Rh3
g6 28. fxg6 Qxg6 29. Qh4 Kg7 30. Qxh5 Ne6 31. Qh6+ Qxh6 32. Nxh6 Nxd4 33. Rf1
Rh8 34. Nf5+ Nxf5 35. Rxh8 Rxh8 36. Rxf5 1/2-1/2

[Event "XXV Grunwald Cup"]
[Site "Ramsowo/Dadaj"]
[Date "2010.09.25"]
[Round "4.9"]
[White "Stankiewicz, Edward"]
[Black "Przewoznik, Emil"]
[Result "1-0"]
[WhiteElo "1913"]
[BlackElo "2101"]
[PlyCount "106"]
[EventDate "2010.??.??"]

1. e4 c5 2. Nf3 e6 3. d4 cxd4 4. Nxd4 Nf6 5. Nc3 Bb4 6. f3 d5 7. exd5 Nxd5 8.
Bd2 Nxc3 9. bxc3 Bc5 10. Nb3 Bd6 11. Bd3 Qh4+ 12. Kf1 Nd7 13. Qe2 O-O 14. Be1
Qh5 15. h4 Nf6 16. c4 Qe5 17. Rb1 Nh5 18. Qxe5 Bxe5 19. Nd2 f5 20. Bf2 Ng3+ 21.
Bxg3 Bxg3 22. Ke2 b6 23. Nf1 Bd6 24. Rh3 e5 25. Nd2 e4 26. fxe4 fxe4 27. Bxe4
Bxh3 28. Bxa8 Rxa8 29. gxh3 Bg3 30. h5 Rc8 31. Ne4 Be5 32. Rb5 Re8 33. Kd3 Rd8+
34. Rd5 Re8 35. a4 Bb8 36. c5 bxc5 37. Nxc5 Rc8 38. c4 Kf7 39. Na6 Ke6 40. Nxb8
Rxb8 41. Rb5 Rd8+ 42. Ke4 Rd7 43. a5 g6 44. Re5+ Kf6 45. hxg6 hxg6 46. Rd5 Rc7
47. c5 Rh7 48. Rd6+ Kg5 49. Rd3 Re7+ 50. Kd5 Rd7+ 51. Kc4 Rc7 52. Kb5 Kf5 53.
c6 g5 1-0

[Event "XXV Grunwald Cup"]
[Site "Ramsowo/Dadaj"]
[Date "2010.09.25"]
[Round "4.10"]
[White "Salamon, Jan"]
[Black "Mettel, Werner"]
[Result "1/2-1/2"]
[WhiteElo "1827"]
[BlackElo "1942"]
[PlyCount "77"]
[EventDate "2010.??.??"]

1. d4 d5 2. e3 Nf6 3. Bd3 c6 4. Nd2 Bg4 5. Ne2 e6 6. f3 Bh5 7. O-O Be7 8. c3
Nbd7 9. a3 Qc7 10. b4 Nb6 11. Bb2 Bd6 12. h3 Bg6 13. Qc2 Rd8 14. g4 Nc4 15.
Nxc4 dxc4 16. Bxg6 hxg6 17. Kg2 Ke7 18. e4 e5 19. Rh1 Rh4 20. Rad1 b5 21. Bc1
Rhh8 22. Be3 Rhe8 23. Bg5 Kf8 24. h4 Rd7 25. Bxf6 gxf6 26. h5 Kg7 27. h6+ Kh7
28. d5 Rh8 29. Rh3 Bf8 30. dxc6 Qxc6 31. Rxd7 Qxd7 32. Qc1 Be7 33. Rh1 Rd8 34.
Qe3 Qd2 35. Kf2 Qxe3+ 36. Kxe3 Rd3+ 37. Kf2 Bf8 38. Ra1 Bxh6 39. a4 1/2-1/2

[Event "XXV Grunwald Cup"]
[Site "Ramsowo/Dadaj"]
[Date "2010.09.25"]
[Round "4.12"]
[White "Wegner, Wieslaw"]
[Black "Czajkowski, Adam"]
[Result "0-1"]
[WhiteElo "1773"]
[BlackElo "1781"]
[PlyCount "40"]
[EventDate "2010.??.??"]

1. e4 c5 2. Nf3 e6 3. d3 d5 4. e5 Nc6 5. Bg5 Qc7 6. d4 cxd4 7. Nxd4 Qxe5+ 8.
Be3 Bc5 9. Bb5 Bd7 10. c3 Nf6 11. O-O Qd6 12. Nd2 e5 13. Nxc6 Bxe3 14. fxe3
bxc6 15. Ba4 e4 16. h3 h5 17. Bc2 Qg3 18. Kh1 Ng4 19. Nf3 exf3 20. hxg4 Qxg2#
0-1

[Event "XXV Grunwald Cup"]
[Site "Ramsowo/Dadaj"]
[Date "2010.09.26"]
[Round "5.1"]
[White "Jelen, Janusz"]
[Black "Mackowiak, Marek"]
[Result "1/2-1/2"]
[WhiteElo "2035"]
[BlackElo "2174"]
[PlyCount "115"]
[EventDate "2010.??.??"]

1. f4 d5 2. Nf3 Nf6 3. e3 g6 4. g3 Bg7 5. Bg2 O-O 6. O-O c5 7. c3 Nc6 8. d3 Bf5
9. Nh4 Bg4 10. Bf3 Bh3 11. Re1 e5 12. e4 exf4 13. Bxf4 dxe4 14. dxe4 Qb6 15.
Qc2 Rfe8 16. Nd2 Be6 17. Bg2 Ng4 18. h3 c4+ 19. Kh1 Nf2+ 20. Kh2 Nd3 21. Reb1
Nxf4 22. gxf4 Qf2 23. Nhf3 Qe3 24. f5 gxf5 25. exf5 Qf4+ 26. Kh1 Bxf5 27. Qa4
Bxb1 28. Rxb1 Ne5 29. Re1 Red8 30. Re4 Qg3 31. Nf1 Qg6 32. Rxe5 Bxe5 33. Nxe5
Qf5 34. Nxc4 b5 35. Qa5 Rab8 36. Nce3 Qc5 37. c4 Rd3 38. Ng4 h5 39. Nf6+ Kg7
40. Ne4 Qe5 41. Qxa7 bxc4 42. Nc5 Rxb2 43. Nxd3 cxd3 44. Qd7 Rxa2 45. Qxd3 Ra1
46. Qf3 Rc1 47. Qd3 Re1 48. Qf3 Qe2 49. Qg3+ Kf8 50. Qd6+ Kg7 51. Qg3+ Kf6 52.
Qc3+ Qe5 53. Qc6+ Kg7 54. Qf3 Rb1 55. Qd3 Ra1 56. Qf3 Rc1 57. Qa3 Rc3 58. Qb4
1/2-1/2

[Event "XXV Grunwald Cup"]
[Site "Ramsowo/Dadaj"]
[Date "2010.09.26"]
[Round "5.2"]
[White "Renkowski, Piotr"]
[Black "Suder, Ryszard"]
[Result "1/2-1/2"]
[WhiteElo "1957"]
[BlackElo "2213"]
[PlyCount "34"]
[EventDate "2010.??.??"]

1. e4 Nf6 2. e5 Nd5 3. d4 d6 4. Nf3 dxe5 5. Nxe5 g6 6. Bc4 c6 7. Nc3 Be6 8. Qf3
Nd7 9. Bf4 Bg7 10. O-O-O N7b6 11. Bb3 a5 12. a3 O-O 13. Bxd5 Nxd5 14. h4 f6 15.
Nd3 Nxc3 16. bxc3 Qd5 17. Qxd5 Bxd5 1/2-1/2

[Event "XXV Grunwald Cup"]
[Site "Ramsowo/Dadaj"]
[Date "2010.09.26"]
[Round "5.3"]
[White "Zoltek, Tadeusz"]
[Black "Stachanczyk, Jacek"]
[Result "0-1"]
[WhiteElo "2194"]
[BlackElo "2278"]
[PlyCount "86"]
[EventDate "2010.??.??"]

1. Nf3 d5 2. d4 Nf6 3. c4 c6 4. Nc3 dxc4 5. a4 Bf5 6. e3 e6 7. Bxc4 Bb4 8. O-O
O-O 9. Qb3 Qe7 10. a5 c5 11. h3 Nc6 12. dxc5 Qxc5 13. Be2 Nxa5 14. Qa4 Nc6 15.
Na2 Bc2 16. b3 Nd5 17. Nxb4 Nc3 18. Na6 Nxe2+ 19. Kh1 bxa6 20. Ba3 Qb5 21. Bxf8
Kxf8 22. Qxa6 Bd3 23. Qxb5 Bxb5 24. Rfd1 Ke7 25. Rd2 Nc3 26. Nd4 Ne4 27. Nxc6+
Bxc6 28. Rc2 Bd7 29. f3 Ng3+ 30. Kh2 Nf5 31. e4 Nd4 32. Rc7 a6 33. b4 Kd6 34.
Rc5 e5 35. f4 f6 36. Rd5+ Ke6 37. f5+ Ke7 38. Rc1 Ra7 39. g4 Bb5 40. Rc8 Bc6
41. Rdd8 Bd7 42. Rb8 Nc6 43. Rxd7+ Rxd7 0-1

 Bd7 29. f3 Ng3+ 30. Kh2 Nf5 31.
e4 Nd4 32. Rc7 a6 33. b4 Kd6 34. Rc5 e5 35. f4 f6 36. Rd5+ Ke6 37. f5+ Ke7 38.
Rc1 Ra7 39. g4 Bb5 40. Rc8 Bc6 41. Rdd8 Bd7 42. Rb8 Nc6 43. Rxd7+ Rxd7 0-1

[Event "XXV Grunwald Cup"]
[Site "Ramsowo/Dadaj"]
[Date "2010.09.26"]
[Round "5.4"]
[White "Gunajew, Rafal"]
[Black "Dukaczewski, Piotr"]
[Result "1/2-1/2"]
[WhiteElo "2292"]
[BlackElo "2274"]
[PlyCount "121"]
[EventDate "2010.??.??"]

1. e4 c5 2. c3 e5 3. Nf3 Nc6 4. Bc4 Qc7 5. O-O Nf6 6. d3 Be7 7. Re1 O-O 8. Bg5
d6 9. Nbd2 h6 10. Bh4 a6 11. a4 Rb8 12. Nf1 b5 13. axb5 axb5 14. Ba2 Nd7 15.
Ne3 Nb6 16. Bd5 Bxh4 17. Nxh4 Ne7 18. Ba2 g6 19. Qd2 Kg7 20. b4 Bb7 21. Nf3
cxb4 22. cxb4 f5 23. Rac1 Qd7 24. Qb2 Kh7 25. h3 Rbe8 26. Nf1 Nc6 27. Rc2 fxe4
28. dxe4 Ra8 29. Rd2 Ra4 30. Qc3 Qe7 31. Ne3 Rc8 32. Qd3 Rxb4 33. Qxd6 Qxd6 34.
Rxd6 Rc7 35. Nd5 Nxd5 36. Bxd5 Ne7 37. Nxe5 Kg7 38. Nd3 Rd4 39. Nf4 Bxd5 40.
Rxd5 Nxd5 41. Ne6+ Kf7 42. Nxd4 Nc3 43. e5 Rc4 44. Nb3 Ke6 45. g3 g5 46. Kg2 h5
47. Kf3 g4+ 48. hxg4 hxg4+ 49. Kg2 Ne4 50. f4 gxf3+ 51. Kxf3 Kxe5 52. Nd2 Rc3+
53. Kg4 Rxg3+ 54. Kh4 Rg2 55. Nxe4 Kf4 56. Kh5 b4 57. Nc5 Kf5 58. Rf1+ Ke5 59.
Rf3 Kd4 60. Nb3+ Kc4 61. Na5+ 1/2-1/2

[Event "XXV Grunwald Cup"]
[Site "Ramsowo/Dadaj"]
[Date "2010.09.26"]
[Round "5.5"]
[White "Wojcieszyn, Zdzislaw"]
[Black "Falkowski, Dawid"]
[Result "1/2-1/2"]
[WhiteElo "2010"]
[BlackElo "2050"]
[PlyCount "26"]
[EventDate "2010.??.??"]

1. Nf3 Nf6 2. c4 e6 3. Nc3 Bb4 4. g3 d5 5. Qa4+ Nc6 6. Ne5 Bxc3 7. Nxc6 Bxd2+
8. Bxd2 Qd7 9. cxd5 exd5 10. Rc1 bxc6 11. Qxc6 Qxc6 12. Rxc6 Kd7 13. Rc2 c6
1/2-1/2

[Event "XXV Grunwald Cup"]
[Site "Ramsowo/Dadaj"]
[Date "2010.09.26"]
[Round "5.6"]
[White "Stankiewicz, Edward"]
[Black "Ciula, Edward"]
[Result "1/2-1/2"]
[WhiteElo "1913"]
[BlackElo "1985"]
[PlyCount "88"]
[EventDate "2010.??.??"]

1. e4 e6 2. d4 d5 3. Nc3 Bb4 4. e5 c5 5. a3 Bxc3+ 6. bxc3 Qc7 7. Nf3 c4 8. Be2
Bd7 9. a4 Qa5 10. Bd2 Ne7 11. h4 Bc6 12. Qc1 Nd7 13. Qa3 h6 14. g4 Nb6 15. Qc1
Nxa4 16. h5 Qb6 17. Rb1 Qa5 18. Ra1 Qc7 19. g5 Nf5 20. Ra3 Qe7 21. gxh6 gxh6
22. Bf4 O-O-O 23. Kd2 Rdg8 24. Ra1 Rg4 25. Bh2 Rhg8 26. Rg1 Rxg1 27. Bxg1 Nh4
28. Bh2 Nxf3+ 29. Bxf3 Qg5+ 30. Ke1 Qxc1+ 31. Rxc1 Nxc3 32. Kd2 Nb5 33. c3 Nc7
34. Bf4 Rh8 35. Rg1 Ne8 36. Kc2 b5 37. Bd2 Kb7 38. Kb2 Kb6 39. Ka3 a5 40. Be2
Nc7 41. Kb2 Na6 42. Be3 b4 43. cxb4 axb4 44. Bd1 Ka5 1/2-1/2

[Event "XXV Grunwald Cup"]
[Site "Ramsowo/Dadaj"]
[Date "2010.09.26"]
[Round "5.7"]
[White "Staruch, Roman"]
[Black "Barnowski, Sylwester"]
[Result "1-0"]
[WhiteElo "1978"]
[BlackElo "1842"]
[PlyCount "91"]
[EventDate "2010.??.??"]

1. e4 e6 2. d4 c5 3. c3 Be7 4. Nf3 b6 5. Bd3 Ba6 6. O-O Bxd3 7. Qxd3 Nf6 8. d5
exd5 9. e5 Ng4 10. Qxd5 Nc6 11. h3 Nh6 12. Bxh6 gxh6 13. e6 Qc7 14. exf7+ Kf8
15. Rd1 Rd8 16. Qf5 d6 17. Na3 Qd7 18. Qd5 Kg7 19. Nc4 Rhf8 20. Rd3 b5 21. Nce5
Nxe5 22. Nxe5 Qf5 23. Nc6 Qxd5 24. Rxd5 Rd7 25. Nxe7 Rxe7 26. Rxd6 Rfxf7 27.
Kf1 Re4 28. Re1 Ra4 29. a3 Raf4 30. f3 b4 31. cxb4 cxb4 32. a4 b3 33. a5 Ra4
34. Rd3 Rb7 35. Ree3 Rxa5 36. Rxb3 Rc7 37. Rec3 Re7 38. Kf2 h5 39. Rc4 Kg6 40.
h4 Re6 41. Rcb4 h6 42. Rb5 Ra2 43. Ra3 Rxa3 44. bxa3 Ra6 45. Rb3 Ra4 46. Ke3
1-0

[Event "XXV Grunwald Cup"]
[Site "Ramsowo/Dadaj"]
[Date "2010.09.26"]
[Round "5.8"]
[White "Traczyk, Tadeusz"]
[Black "Poswiatowski, Stanislaw"]
[Result "0-1"]
[WhiteElo "1925"]
[BlackElo "1667"]
[PlyCount "110"]
[EventDate "2010.??.??"]

1. e4 e6 2. d4 d5 3. Nc3 dxe4 4. Nxe4 Bd7 5. Nf3 Bc6 6. Bd3 Bxe4 7. Bxe4 c6 8.
c3 Nf6 9. Bd3 Nbd7 10. O-O Bd6 11. Qc2 Qc7 12. b4 O-O 13. a4 h6 14. Ba3 e5 15.
h3 Rfe8 16. dxe5 Nxe5 17. Nxe5 Rxe5 18. c4 Qe7 19. c5 Bc7 20. Bb2 Rg5 21. Qe2
Qxe2 22. Bxe2 Nd5 23. h4 Rf5 24. b5 Nf4 25. Bf3 Rxc5 26. bxc6 bxc6 27. Ba3 Rc4
28. Rfc1 Rxc1+ 29. Rxc1 Bb6 30. Rxc6 Re8 31. Bc5 Re6 32. Rc8+ Kh7 33. Bxb6 axb6
34. Rc7 Kg6 35. Rb7 Nd3 36. h5+ Kf6 37. Bd5 Nc5 38. Rc7 Re1+ 39. Kh2 Ne6 40.
Rb7 Rd1 41. Bxe6 fxe6 42. Rxb6 Ra1 43. Rb4 Ra2 44. Kg3 Kg5 45. Rb5+ Kf6 46. Ra5
Ra3+ 47. f3 Ra2 48. Kh3 Ra1 49. g4 Ra3 50. Kg3 Ra1 51. Ra8 Rg1+ 52. Kf2 Ra1 53.
a5 Ke5 54. a6 Ra2+ 55. Kg3 Ra3 0-1

0-1

[Event "XXV Grunwald Cup"]
[Site "Ramsowo/Dadaj"]
[Date "2010.09.26"]
[Round "5.9"]
[White "Mettel, Werner"]
[Black "Bzowski, Grzegorz"]
[Result "1-0"]
[WhiteElo "1942"]
[BlackElo "1692"]
[PlyCount "101"]
[EventDate "2010.??.??"]

1. e4 g6 2. Nf3 Bg7 3. Bc4 d6 4. O-O Nf6 5. d3 O-O 6. Nc3 c5 7. e5 dxe5 8. Nxe5
Nbd7 9. Nf3 e6 10. Bg5 Qc7 11. Qd2 b6 12. Bh6 Bb7 13. Bxg7 Kxg7 14. Qe2 Ng4 15.
g3 Nde5 16. Nxe5 Nxe5 17. f4 Nxc4 18. dxc4 Qc6 19. Kf2 Rad8 20. Ke1 Rd4 21. Rd1
Rfd8 22. Rxd4 Rxd4 23. Qe5+ f6 24. Qe2 a6 25. a4 a5 26. b3 Rd8 27. Rg1 e5 28.
fxe5 Re8 29. Kd2 Rxe5 30. Qf2 Rf5 31. Qe2 Qd6+ 32. Qd3 Rf2+ 33. Kc1 Qe6 34. h4
Rf3 35. Qd2 Re3 36. Nd5 Re5 37. Nf4 Qe7 38. Rd1 Bf3 39. Rg1 Re4 40. Qc3 Re3 41.
Qd2 Bc6 42. Kb1 Re4 43. Kc1 Re3 44. Nd5 Bxd5 45. cxd5 Re5 46. d6 Qd7 47. Rd1
Re6 48. Qd5 Re5 49. Qa8 h5 50. Qb8 Re4 51. Qc7 1-0

[Event "XXV Grunwald Cup"]
[Site "Ramsowo/Dadaj"]
[Date "2010.09.26"]
[Round "5.10"]
[White "Hagner, Pawel"]
[Black "Salamon, Jan"]
[Result "0-1"]
[WhiteElo "1877"]
[BlackElo "1827"]
[PlyCount "75"]
[EventDate "2010.??.??"]

1. d4 d5 2. Nf3 c6 3. c3 Nf6 4. Bg5 Nbd7 5. e3 e6 6. Nbd2 Be7 7. Bd3 h6 8. Bh4
O-O 9. Ne5 Re8 10. Bg3 Nxe5 11. dxe5 Nd7 12. Nf3 Nf8 13. h4 a6 14. Ng5 f5 15.
Nf3 Bd7 16. a4 c5 17. Qe2 Qa5 18. O-O Bc6 19. c4 Qc7 20. Qc2 Rac8 21. Rfd1 Red8
22. Rd2 Rd7 23. Rad1 Rcd8 24. Bxf5 dxc4 25. Be4 Rxd2 26. Rxd2 Rxd2 27. Nxd2 b5
28. axb5 {(=)} 28... axb5 29. Bg6 Qd7 30. h5 Qb7 31. Be4 Bd5 32. Bf3 Bxf3 33.
Nxf3 Qd5 34. Qc3 b4 35. Qc1 Qd3 36. Ne1 Qe2 37. Nf3 Bd8 38. Nd2 0-1

[Event "XXV Grunwald Cup"]
[Site "Ramsowo/Dadaj"]
[Date "2010.09.26"]
[Round "5.11"]
[White "Przewoznik, Emil"]
[Black "Czajkowski, Adam"]
[Result "1/2-1/2"]
[WhiteElo "2101"]
[BlackElo "1781"]
[PlyCount "107"]
[EventDate "2010.??.??"]

1. Nf3 c5 2. c3 d5 3. d4 cxd4 4. cxd4 Bf5 5. Nc3 e6 6. Bg5 Qc7 7. Rc1 Nc6 8. e3
f6 9. Bf4 Bd6 10. Bxd6 Qxd6 11. Bd3 Nge7 12. O-O h5 13. Nh4 Bxd3 14. Qxd3 Kf7
15. f4 Rag8 16. f5 g5 17. fxe6+ Qxe6 18. Nf5 g4 19. Nxe7 Nxe7 20. e4 Rg5 21.
Rce1 Qc6 22. exd5 Nxd5 23. Ne4 (23. Re5) 23... Rg6 24. Rc1 Qd7 25. Qd2 Re8 26.
Nc5 Qb5 27. Nd3 Kg7 28. Rc5 Qd7 29. Nf4 Rg5 30. Rfc1 Re7 31. Nd3 g3 32. hxg3
Rxg3 33. Nf4 Nxf4 34. Qxf4 Rg4 35. Qf2 h4 36. Rd1 Qd6 37. Rh5 Qg3 38. Rf5 h3
39. Qxg3 Rxg3 40. Rf2 Kg8 41. d5 Rxg2+ 42. Rxg2+ hxg2 43. Kxg2 Kf7 44. Kf3 Re5
45. Rd3 Ke7 46. d6+ Kd7 47. Kf4 a5 48. Rb3 b5 49. Rd3 Re6 50. Rd5 Rxd6 51. Rxb5
Ra6 52. Kf5 Kc6 53. a4 Kc7 54. b3 1/2-1/2

[Event "XXV Grunwald Cup"]
[Site "Ramsowo/Dadaj"]
[Date "2010.09.26"]
[Round "5.13"]
[White "Dziobek, Jerzy"]
[Black "Wegner, Wieslaw"]
[Result "1-0"]
[WhiteElo "1848"]
[BlackElo "1773"]
[PlyCount "111"]
[EventDate "2010.??.??"]

1. d4 d5 2. Nf3 Nf6 3. c3 g6 4. Nbd2 e6 5. Qc2 Be7 6. e4 Nc6 7. Bd3 b6 8. Bb5
Bb7 9. Ne5 Qd6 10. Qa4 O-O 11. Bxc6 Bxc6 12. Qxc6 Rfd8 13. Qxd6 Rxd6 14. exd5
Nxd5 15. Ndf3 f6 16. Nc4 Rc6 17. Ne3 Re8 18. Nxd5 exd5 19. O-O Bf8 20. Be3 b5
21. Rfe1 Kf7 22. a3 a5 23. Bd2 Rce6 24. Rxe6 Rxe6 25. Re1 Rc6 26. g3 Bxa3 27.
bxa3 Ra6 28. Rb1 c6 29. h4 Rb6 30. Ne1 Ke6 31. Nd3 Kf5 32. f3 h5 33. Nc5 g5 34.
hxg5 fxg5 35. Re1 Kg6 36. Re6+ Kf5 37. Rh6 a4 38. Rh7 Kg6 39. Rb7 Rxb7 40. Nxb7
g4 41. fxg4 hxg4 42. Kf2 Kh5 43. Nd8 Kg6 44. Nxc6 Kf5 45. Ke3 Ke6 46. Na7 Kd6
47. Kd3 Kc7 48. Nxb5+ Kb6 49. c4 dxc4+ 50. Kxc4 Kc6 51. d5+ Kd7 52. Bf4 Kd8 53.
Kc5 Kc8 54. Kc6 Kd8 55. d6 Kc8 56. d7+ 1-0

[Event "XXV Grunwald Cup"]
[Site "Ramsowo/Dadaj"]
[Date "2010.09.27"]
[Round "6.1"]
[White "Stachanczyk, Jacek"]
[Black "Mackowiak, Marek"]
[Result "1-0"]
[WhiteElo "2278"]
[BlackElo "2174"]
[PlyCount "83"]
[EventDate "2010.??.??"]

1. e4 e5 2. Nf3 Nc6 3. Bb5 Nf6 4. O-O d6 5. d4 Nd7 6. Nc3 Nxd4 7. Nxd4 exd4 8.
Qxd4 c6 9. Ba4 Qf6 10. Qe3 Be7 11. Qg3 h5 12. f4 h4 13. Qf3 h3 14. g3 Nb6 15.
Bb3 Be6 16. Be3 Nc4 17. e5 dxe5 18. Ne4 Qh6 19. Bxc4 Bxc4 20. f5 Qh5 21. g4 Qh4
22. Bf2 Qh7 23. f6 Bd5 24. fxg7 Qxg7 25. Bg3 Rg8 26. Nf6+ Qxf6 27. Qxf6 Bxf6
28. Rxf6 Rxg4 29. Re1 e4 30. b3 b5 31. Kf2 Ke7 32. Rh6 Rag8 33. Ke3 Kd7 34. Rd1
b4 35. Rxh3 R8g6 36. a3 a5 37. axb4 axb4 38. Rd4 Rf6 39. Rxb4 Rf3+ 40. Ke2 c5
41. Rb6 Rg8 42. Rd6+ 1-0